| 000 | 00665nam a2200193 a 4500 | ||
|---|---|---|---|
| 001 | 000035202 | ||
| 005 | 20200930074155.0 | ||
| 008 | 111026s1942 pr 000 0 spa d | ||
| 040 |
_aDO-SdBNP _bspa _cBNPHU |
||
| 082 |
_axxxx _bG312d |
||
| 100 | 1 |
_aGéigel Polanco, Vicente _960939 |
|
| 245 | 1 | 3 |
_aEl despertar de un pueblo. / _cVicente Géigel Polanco. |
| 260 |
_aSan Juan, Puerto Rico : _bImprenta Venezuela, _c1942. |
||
| 300 |
_a206 p. ; _c20 cm. |
||
| 490 | 1 | _aBiblioteca de Autores Puertoriqueños | |
| 590 | _aPerteneció a la biblioteca personal de Juan Isidro Jimenes Grullón | ||
| 830 | 0 |
_aBiblioteca de Autores Puertoriqueños _960940 |
|
| 049 | _aBNGR | ||
| 999 |
_c34693 _d34693 |
||